000 00769nam a2200253Ia 4500
003 OSt
005 20220928113207.0
006 a|||||r|||| 00| 0
007 ta
008 220927b |||||||| |||| 00| 0 eng d
024 _a31951
037 _cTextual
040 _aSDCL
_cSDCL
_beng
041 _2eng
_aeng
082 _aX:991.3'N8, M2
100 _aTorrington Derek
_9431909
245 0 _aManagement and the multi- racial work force
_b Case studies in employment practice
260 _aAldershot
_bGower
_c1982
300 _avi,117p
_ccm.
700 _a Hitner Trevor
_9431910
700 _a Knights David
_9431911
942 _hX:991.3'N8, M2
_cTEXL
_2CC
999 _c748477
_d748477